[Event "VII Lorca Open 2018"]
[Site "Lorca"]
[Date "2018.12.29"]
[Round "6"]
[White "Nayhebaver, Martin"]
[Black "Espineira Gonzalez, Diego"]
[Result "1-0"]
[WhiteElo "2460"]
[BlackElo "2299"]
[Annotator "ChessBase"]
[PlyCount "141"]
[EventDate "2018.12.26"]
[EventType "swiss"]
[EventCountry "ESP"]
[SourceTitle "playchess.com"]
[Source "ChessBase"]
[SourceQuality "1"]
[TimeControl "5400+30"]

1. e4 {[%emt 0:00:00]} e6 {[%emt 0:04:54]} 2. d4 {[%emt 0:00:00]} d5 {[%emt 0:00:06]} 3. Nc3 {[%emt 0:00:22]} Nf6 {[%emt 0:00:05]} 4. Bg5 {[%emt 0:00:30]} Be7 {[%emt 0:00:08]} 5. e5 {[%emt 0:00:29]} Nfd7 {[%emt 0:00:04]} 6. h4 {[%emt 0:00:09]} h6 {[%emt 0:06:41]} 7. Bxe7 {[%emt 0:00:59]} Qxe7 {[%emt 0:00:05]} 8. Qg4 {[%emt 0:01:19]} f5 {[%emt 0:00:25]} 9. Qf4 {[%emt 0:06:48]} a6 {[%emt 0:02:07]} 10. Nf3 {[%emt 0:09:52]} c5 {[%emt 0:01:47]} 11. dxc5 {[%emt 1:15:02]} Nxc5 {[%emt 0:02:36]} 12. O-O-O {[%emt 0:00:00]} Nc6 {[%emt 0:01:20]} 13. Bd3 {[%emt 0:00:00]} O-O {[%emt 0:08:04]} 14. Ne2 {[%emt 0:00:00]} Bd7 {[%emt 0:02:07]} 15. Nfd4 {[%emt 0:00:00]} Ne4 {[%emt 0:05:25]} 16. Kb1 {[%emt 0:00:00]} Be8 {[%emt 0:02:37]} 17. Rhf1 {[%emt 0:00:00]} Nc5 {[%emt 0:07:50]} 18. Qe3 {[%emt 0:00:00]} Rc8 {[%emt 0:02:45]} 19. g3 {[%emt 0:00:00]} Nxd4 {[%emt 0:04:52]} 20. Qxd4 {[%emt 0:00:00]} Qc7 {[%emt 0:01:21]} 21. Nf4 {[%emt 0:00:00]} g5 {[%emt 0:06:20]} 22. hxg5 {[%emt 0:00:00]} hxg5 {[%emt 0:00:23]} 23. Nh3 {[%emt 0:00:00]} Nxd3 {[%emt 0:00:06]} 24. cxd3 {[%emt 0:00:00]} Qc2+ {[%emt 0:00:31]} 25. Ka1 {[%emt 0:00:00]} Bh5 {[%emt 0:00:14]} 26. Rde1 {[%emt 0:00:00]} Be2 {[%emt 0:09:11]} 27. Rh1 {[%emt 0:00:00]} Qd2 {[%emt 0:00:45]} 28. Qe3 {[%emt 0:00:00]} Qxe3 {[%emt 0:00:47]} 29. fxe3 {[%emt 0:00:00]} Bxd3 {[%emt 0:02:37]} 30. Nxg5 {[%emt 0:00:00]} Rc6 {[%emt 0:00:21]} 31. Rh6 {[%emt 0:00:00]} Rfc8 {[%emt 0:01:05]} 32. b4 {[%emt 0:00:45]} Rc1+ {[%emt 0:01:15]} 33. Rxc1 {[%emt 0:00:05]} Rxc1+ {[%emt 0:00:04]} 34. Kb2 {[%emt 0:00:03]} Rc2+ {[%emt 0:00:12]} 35. Kb3 {[%emt 0:00:21]} Re2 {[%emt 0:00:47]} 36. Kc3 {[%emt 0:02:35]} Bc4 {[%emt 0:00:14]} 37. Rg6+ {[%emt 0:01:05]} Kh8 {[%emt 0:00:56]} 38. Rxe6 {[%emt 0:06:46]} Rxe3+ {[%emt 0:00:12]} 39. Kd4 {[%emt 0:00:04]} Rd3+ {[%emt 0:02:28]} 40. Kc5 {[%emt 0:00:01]} Rxg3 {[%emt 0:00:09]} 41. Rg6 {[%emt 0:00:07]} f4 {[%emt 0:06:41]} 42. e6 {[%emt 0:01:09]} Bd3 {[%emt 0:02:09]} 43. Nf7+ {[%emt 0:01:17]} Kh7 {[%emt 0:00:02]} 44. Rf6 {[%emt 0:00:08]} Re3 {[%emt 0:16:05]} 45. Rxf4 {[%emt 0:00:25]} Kg7 {[%emt 0:00:11]} 46. Kd6 {[%emt 0:01:15]} Bb5 {[%emt 0:00:56]} 47. Ne5 {[%emt 0:00:33]} Be8 {[%emt 0:01:26]} 48. e7 {[%emt 0:00:48]} Re2 {[%emt 0:00:22]} 49. a3 {[%emt 0:00:40]} Re3 {[%emt 0:00:26]} 50. Nd7 {[%emt 0:00:36]} d4 {[%emt 0:01:18]} 51. Rg4+ {[%emt 0:00:41]} Kf7 {[%emt 0:00:05]} 52. Rf4+ {[%emt 0:00:26]} Kg7 {[%emt 0:00:02]} 53. Nf6 {[%emt 0:00:23]} Bc6 {[%emt 0:00:38]} 54. Ng4 {[%emt 0:00:41]} Re2 {[%emt 0:01:31]} 55. Rxd4 {[%emt 0:00:22]} Be8 {[%emt 0:00:31]} 56. Ne5 {[%emt 0:00:14]} Ba4 {[%emt 0:00:58]} 57. Rg4+ {[%emt 0:00:25]} Kf6 {[%emt 0:00:14]} 58. Rf4+ {[%emt 0:00:11]} Kg5 {[%emt 0:00:53]} 59. Rf8 {[%emt 0:00:26]} Re3 {[%emt 0:00:29]} 60. e8=Q {[%emt 0:01:25]} Bxe8 {[%emt 0:00:02]} 61. Rxe8 {[%emt 0:00:01]} Rxa3 {[%emt 0:00:11]} 62. Nc4 {[%emt 0:00:38]} Rb3 {[%emt 0:00:22]} 63. Kc5 {[%emt 0:00:46]} Rc3 {[%emt 0:00:05]} 64. Re3 {[%emt 0:00:28]} Rc1 {[%emt 0:00:49]} 65. Kd4 {[%emt 0:00:29]} Rb1 {[%emt 0:00:40]} 66. Kc3 {[%emt 0:00:03]} Rc1+ {[%emt 0:00:03]} 67. Kb3 {[%emt 0:00:08]} Rb1+ {[%emt 0:00:09]} 68. Nb2 {[%emt 0:00:12]} Ra1 {[%emt 0:00:27]} 69. Nd3 {[%emt 0:00:37]} a5 {[%emt 0:01:29]} 70. Re5+ {[%emt 0:00:06]} Kf6 {[%emt 0:00:09]} 71. Rxa5 {[%emt 0:00:16]} 1-0

[Event "VII Lorca Open 2018"]
[Site "Lorca"]
[Date "2018.12.29"]
[Round "6"]
[White "Gomez Ledo, Roberto Carlos"]
[Black "Kovacevic, Slobodan"]
[Result "1-0"]
[WhiteElo "2448"]
[BlackElo "2245"]
[Annotator "NA"]
[PlyCount "71"]
[EventDate "2018.12.26"]
[EventType "swiss"]
[EventCountry "ESP"]
[SourceTitle "playchess.com"]
[Source "ChessBase"]
[SourceQuality "1"]
[TimeControl "5400+30"]

1. d4 {[%emt 0:00:00]} Nf6 {[%emt 0:05:16]} 2. Nf3 {[%emt 0:00:00]} e6 {[%emt 0:01:17]} 3. c3 {[%emt 0:04:47]} c5 {[%emt 0:00:42]} 4. e3 {[%emt 0:01:10]} b6 {[%emt 0:00:24]} 5. Nbd2 {[%emt 0:01:10]} Bb7 {[%emt 0:01:09]} 6. Bd3 {[%emt 0:01:01]} Be7 {[%emt 0:01:24]} 7. Qe2 {[%emt 0:03:20] A47: 1 d4 Nf6 2 Nf3 b6: Torre, London and Colle Systems} (7. O-O cxd4 8. exd4 O-O 9. Qe2 d6 10. Re1 (10. Ng5 h6 11. Nge4 Nbd7 12. f4 Re8 13. Nxf6+ Nxf6 14. Ne4 Qc7 15. Bd2 a6 16. Rae1 b5 17. Rf3 Bd5 {1-0 (49) Bogdan,D (2441)-Picard,R (2338) Guingamp 2006}) 10... Nbd7 11. c4 Re8 12. b3 e5 13. Bb2 Bf8 14. Bc2 e4 15. Nh4 d5 16. Nf5 Nb8 17. f3 g6 18. Ne3 exf3 19. Qxf3 {0-1 (40) Andriasian,Z (2508)-Lputian,S (2634) Yerevan 2007}) 7... cxd4 {[%emt 0:02:15]} 8. cxd4 $146 {[%emt 0:09:06]} Qc8 {[%emt 0:08:51]} 9. e4 {[%emt 0:20:00]} Ba6 {[%emt 0:00:55]} 10. O-O {[%emt 0:05:02]} Bxd3 {[%emt 0:03:19]} 11. Qxd3 {[%emt 0:00:06]} Qa6 {[%emt 0:00:28]} 12. Qe3 {[%emt 0:04:04]} Nc6 {[%emt 0:01:54]} 13. d5 {[%emt 0:07:48]} Nb4 {[%emt 0:00:45]} 14. d6 {[%emt 0:04:05]} (14. Qb3 $11 {keeps the balance.} Bc5 15. dxe6 fxe6 16. e5) 14... Bxd6 {[%emt 0:06:49]} 15. Qg5 {[%emt 0:03:33]} Bf8 {[%emt 0:02:07]} 16. e5 {[%emt 0:00:47]} h6 {[%emt 0:02:59]} 17. Qh4 {[%emt 0:02:06]} Nfd5 {[%emt 0:05:31]} 18. Ne4 {[%emt 0:00:36]} Be7 {[%emt 0:09:07]} 19. Qg3 $17 {[%emt 0:11:16]} (19. Bg5 $15 Bc5 20. a3) 19... Kf8 {[%emt 0:04:14]} 20. Bd2 {[%emt 0:01:52]} Qd3 {[%emt 0:02:25]} 21. Nd6 {[%emt 0:02:15]} Qg6 {[%emt 0:00:53]} 22. Qh3 {[%emt 0:05:16]} Nd3 {[%emt 0:08:48]} 23. Nh4 {[%emt 0:00:04]} Bxh4 {[%emt 0:03:29]} 24. Qxh4 {[%emt 0:00:08]} Nxe5 {[%emt 0:00:15]} 25. f4 {[%emt 0:00:11]} Qg4 {[%emt 0:01:03]} 26. Qf2 {[%emt 0:00:13]} Nc6 {[%emt 0:09:04]} 27. h3 {[%emt 0:00:57]} Qh5 {[%emt 0:03:30]} 28. f5 {[%emt 0:00:15]} exf5 {[%emt 0:02:18]} 29. Nxf5 {[%emt 0:02:03]} Kg8 {[%emt 0:00:42]} 30. Rad1 {[%emt 0:01:09]} Nf6 {[%emt 0:02:38]} 31. Nxg7 {[%emt 0:00:52]} Kxg7 {[%emt 0:00:01]} 32. Qxf6+ {[%emt 0:00:09]} Kh7 {[%emt 0:01:17]} 33. Bc3 {[%emt 0:00:35]} Rhg8 {[%emt 0:01:32]} 34. Rxd7 {[%emt 0:01:45]} Rxg2+ {[%emt 0:00:53]} 35. Kxg2 {[%emt 0:00:20]} Rg8+ {[%emt 0:00:05]} 36. Kh2 {[%emt 0:00:25]} 1-0

[Event "VII Lorca Open 2018"]
[Site "Lorca"]
[Date "2018.12.29"]
[Round "6"]
[White "Morozov, Nichita"]
[Black "Terbe, Julianna"]
[Result "1/2-1/2"]
[WhiteElo "2439"]
[BlackElo "2272"]
[Annotator "NA"]
[PlyCount "33"]
[EventDate "2018.12.26"]
[EventType "swiss"]
[EventCountry "ESP"]
[SourceTitle "playchess.com"]
[Source "ChessBase"]
[SourceQuality "1"]
[TimeControl "5400+30"]

1. Nf3 {[%emt 0:00:00]} d5 {[%emt 0:00:00]} 2. c4 {[%emt 0:00:00]} c6 {[%emt 0:00:20]} 3. e3 {[%emt 0:00:00]} Nf6 {[%emt 0:00:04]} 4. Nc3 {[%emt 0:00:00]} a6 {[%emt 0:00:04]} 5. d4 {[%emt 0:00:00]} e6 {[%emt 0:00:05]} 6. b3 {[%emt 0:01:10]} Bb4 {[%emt 0:00:13]} 7. Bd2 {[%emt 0:00:03]} Nbd7 {[%emt 0:00:10]} 8. Bd3 {[%emt 0:00:09]} O-O {[%emt 0:00:06]} 9. O-O {[%emt 0:00:07]} Qe7 {[%emt 0:00:05]} 10. Qc2 {[%emt 0:00:40]} e5 {[%emt 0:01:32]} 11. dxe5 {[%emt 0:00:42]} Nxe5 {[%emt 0:00:08]} 12. Nxe5 {[%emt 0:00:06]} Qxe5 {[%emt 0:00:04]} 13. Ne2 {[%emt 0:01:38]} Bd6 {[%emt 0:00:30]} 14. Ng3 {[%emt 0:00:30]} Qg5 {[%emt 0:00:30]} 15. Bc3 {[%emt 0:15:42]} Ng4 {[%emt 0:16:44]} 16. Be2 {[%emt 0:01:07]} h5 {[%emt 0:08:50]} 17. Bxg4 {[%emt 0:02:55]} 1/2-1/2

[Event "VII Lorca Open 2018"]
[Site "Lorca"]
[Date "2018.12.29"]
[Round "6"]
[White "Solozhenkin, Evgeniy"]
[Black "Ajay Karthikeyan"]
[Result "1-0"]
[WhiteElo "2427"]
[BlackElo "2143"]
[Annotator "NA"]
[PlyCount "81"]
[EventDate "2018.12.26"]
[EventType "swiss"]
[EventCountry "ESP"]
[SourceTitle "playchess.com"]
[Source "ChessBase"]
[SourceQuality "1"]
[TimeControl "5400+30"]

1. d4 {[%emt 1:30:30]} Nf6 {[%emt 0:06:19]} 2. c4 {[%emt 0:00:00]} g6 {[%emt 0:00:01]} 3. g3 {[%emt 0:00:00]} Bg7 {[%emt 0:00:20]} 4. Bg2 {[%emt 0:00:00]} O-O {[%emt 0:00:13]} 5. Nc3 {[%emt 0:00:00]} d6 {[%emt 0:00:04]} 6. Nf3 {[%emt 0:00:00]} Nc6 {[%emt 0:00:03]} 7. O-O {[%emt 0:00:00]} a6 {[%emt 0:00:03]} 8. Qc2 {[%emt 0:00:00]} Bf5 {[%emt 0:11:55] E63: King's Indian: Fianchetto: Panno Variation with 7...a6} 9. e4 {[%emt 0:00:00]} Bg4 {[%emt 0:00:14]} 10. Be3 {[%emt 0:00:00]} Nd7 {[%emt 0:03:47]} 11. Ne2 {[%emt 0:00:00]} e5 {[%emt 0:05:12]} 12. d5 {[%emt 0:00:00]} Ne7 {[%emt 0:04:48]} 13. Ne1 {[%emt 0:00:00]} Bxe2 {[%emt 0:00:10]} 14. Qxe2 {[%emt 0:00:00]} f5 {[%emt 0:05:41]} 15. f3 {[%emt 0:00:00]} c5 $146 {[%emt 0:05:25]} ({Predecessor:} 15... a5 16. Nd3 {1-0 (57) Koneru,H (2589)-Wang,J (2364) Batumi 2012}) 16. dxc6 {[%emt 0:00:00]} Nxc6 {[%emt 0:00:40]} 17. exf5 {[%emt 0:00:00]} gxf5 {[%emt 0:01:27]} 18. f4 {[%emt 0:00:00]} e4 {[%emt 0:03:47]} 19. Rd1 {[%emt 0:00:00]} Qf6 {[%emt 0:10:33]} 20. b3 {[%emt 0:00:00]} Nc5 {[%emt 0:01:43]} 21. Qd2 {[%emt 0:00:00]} Rad8 {[%emt 0:00:25]} 22. b4 {[%emt 0:00:00]} Na4 $15 {[%emt 0:06:21]} 23. b5 {[%emt 0:00:00]} axb5 {[%emt 0:00:47]} 24. cxb5 {[%emt 0:00:00]} Ne7 {[%emt 0:04:24]} 25. Nc2 {[%emt 0:00:00]} Nb2 {[%emt 0:07:15]} 26. Bd4 {[%emt 0:00:00]} Qf7 {[%emt 0:00:23]} 27. Bxg7 {[%emt 0:00:00]} Qxg7 {[%emt 0:00:17]} 28. Rb1 {[%emt 0:00:00]} Nd3 {[%emt 0:00:57]} 29. Rfd1 {[%emt 0:00:00]} Nd5 {[%emt 0:03:12]} 30. Rb3 {[%emt 0:00:00]} Rc8 {[%emt 0:00:39]} 31. Rxd3 {[%emt 0:00:00]} Nc3 {[%emt 0:03:12]} 32. Rxd6 {[%emt 0:00:00]} Nxd1 {[%emt 0:00:22]} 33. Qxd1 {[%emt 0:00:00]} Qc3 {[%emt 0:01:18]} 34. Qd5+ {[%emt 0:00:00]} Kh8 {[%emt 0:00:12]} 35. Qd4+ {[%emt 0:00:00]} Qxd4+ {[%emt 0:00:32]} 36. Nxd4 {[%emt 0:00:00]} Rc1+ {[%emt 0:05:28]} 37. Bf1 {[%emt 0:00:00]} Re8 {[%emt 0:00:55]} 38. Kg2 {[%emt 0:00:00]} e3 {[%emt 0:00:27]} 39. Be2 {[%emt 0:00:00]} Ra1 {[%emt 0:02:38]} 40. Nxf5 {[%emt 0:01:05]} Rxa2 {[%emt 0:07:51]} 41. Kf3 {[%emt 0:00:09]} 1-0

[Event "VII Lorca Open 2018"]
[Site "Lorca"]
[Date "2018.12.29"]
[Round "6"]
[White "Suarez Uriel, Adrian"]
[Black "Romero Romero, Sebastian"]
[Result "1-0"]
[WhiteElo "2386"]
[BlackElo "2180"]
[Annotator "NA"]
[PlyCount "32"]
[EventDate "2018.12.26"]
[EventType "swiss"]
[EventCountry "ESP"]
[SourceTitle "playchess.com"]
[Source "ChessBase"]
[SourceQuality "1"]
[TimeControl "5400+30"]

1. e4 {[%emt 0:00:00]} Nc6 {[%emt 0:00:00]} 2. Nf3 {[%emt 0:00:00]} d6 {[%emt 0:00:00]} 3. d4 {[%emt 0:00:17]} Nf6 {[%emt 0:00:00]} 4. Nc3 {[%emt 0:00:03]} g6 {[%emt 0:00:00]} 5. h3 {[%emt 0:00:23]} Bg7 {[%emt 0:00:07]} 6. Be3 {[%emt 0:00:06]} O-O {[%emt 0:00:28]} 7. g4 {[%emt 0:01:45]} a6 {[%emt 0:10:24]} 8. Bg2 {[%emt 0:00:30]} e5 {[%emt 0:00:30]} 9. O-O {[%emt 0:00:30]} Re8 {[%emt 0:00:30]} 10. a4 {[%emt 0:00:30]} Bd7 {[%emt 0:00:30]} 11. Qd2 {[%emt 0:00:30]} exd4 {[%emt 0:00:30]} 12. Nxd4 {[%emt 0:00:30]} Nxd4 {[%emt 0:00:30]} 13. Bxd4 {[%emt 0:00:30]} Bc6 {[%emt 0:00:30]} 14. Rae1 {[%emt 0:00:30]} Qd7 {[%emt 0:00:30]} 15. f4 {[%emt 0:00:30]} b5 {[%emt 0:00:30]} 16. f5 {[%emt 0:00:30]} b4 {[%emt 0:00:30]} 1-0

[Event "VII Lorca Open 2018"]
[Site "Lorca"]
[Date "2018.12.29"]
[Round "6"]
[White "Low, Zhen Yu Cyrus"]
[Black "Arjun Kalyan"]
[Result "0-1"]
[WhiteElo "2384"]
[BlackElo "2406"]
[Annotator "NA"]
[PlyCount "90"]
[EventDate "2018.12.26"]
[EventType "swiss"]
[EventCountry "ESP"]
[SourceTitle "playchess.com"]
[Source "ChessBase"]
[SourceQuality "1"]
[TimeControl "5400+30"]

1. e4 {[%emt 0:00:00]} e5 {[%emt 0:00:01]} 2. Nf3 {[%emt 0:00:00]} Nc6 {[%emt 0:00:30]} 3. Bc4 {[%emt 0:00:00]} Bc5 {[%emt 0:00:07]} 4. O-O {[%emt 0:00:01]} Nf6 {[%emt 0:00:06]} 5. d3 {[%emt 0:00:09]} d6 {[%emt 0:00:21]} 6. c3 {[%emt 0:00:07]} a6 {[%emt 0:00:05]} 7. Bb3 {[%emt 0:00:07]} h6 {[%emt 0:00:46] C54: Giuoco Piano: 4 c3 Nf6, main lines with 5 d4 and 5 d3} 8. Re1 {[%emt 0:00:19]} O-O {[%emt 0:00:12]} 9. h3 {[%emt 0:00:06]} Re8 {[%emt 0:00:13]} 10. Bc2 {[%emt 0:00:07]} d5 {[%emt 0:05:38]} 11. exd5 {[%emt 0:00:08]} Qxd5 {[%emt 0:02:09]} 12. Nbd2 {[%emt 0:00:08]} Be6 {[%emt 0:06:23]} 13. Nf1 {[%emt 0:00:30]} (13. b4 Bf8 14. a4 b5 {½-½ (60) Aronian,L (2764)-Karjakin,S (2782) Paris 2018}) 13... Rad8 {[%emt 0:01:30]} 14. Ng3 {[%emt 0:00:17]} Bf8 {[%emt 0:02:41]} 15. b4 $146 {[%emt 0:03:34]} ({Predecessor:} 15. Be3 Qd7 16. d4 exd4 17. Nxd4 Nxd4 18. Bxd4 {½-½ (40) Asis Gargatagli,H (2483)-Balogh,C (2645) Barcelona 2015}) 15... b5 {[%emt 0:13:49]} 16. a4 {[%emt 0:02:09]} g6 {[%emt 0:00:38]} 17. Qe2 {[%emt 0:14:04]} Bg7 {[%emt 0:01:37]} 18. Bd2 {[%emt 0:00:30]} Qd7 {[%emt 0:04:43]} 19. Rad1 {[%emt 0:09:25]} Qc8 {[%emt 0:05:17]} 20. c4 {[%emt 0:10:19]} ({Reject} 20. Nxe5 Nxe5 21. Qxe5 Nd5 $17) (20. Rb1 $11) 20... Nd4 {[%emt 0:15:29]} 21. Nxd4 {[%emt 0:00:12]} exd4 {[%emt 0:00:10]} 22. Qf1 {[%emt 0:01:10]} c5 $15 {[%emt 0:07:51]} 23. cxb5 {[%emt 0:07:02]} cxb4 {[%emt 0:01:26]} 24. Rc1 {[%emt 0:00:06]} Nd5 {[%emt 0:01:59]} 25. Re4 {[%emt 0:14:36]} a5 {[%emt 0:04:45]} 26. Ne2 {[%emt 0:00:40]} Nc3 {[%emt 0:00:27]} 27. Bxc3 {[%emt 0:03:43]} dxc3 {[%emt 0:00:41]} 28. Qd1 {[%emt 0:00:20]} Bd5 {[%emt 0:05:06]} 29. Rxe8+ {[%emt 0:00:35]} Rxe8 {[%emt 0:00:01]} 30. Nf4 {[%emt 0:00:11]} Bb7 {[%emt 0:01:47]} 31. Bb3 {[%emt 0:04:43]} Bd4 {[%emt 0:02:17]} 32. Kf1 {[%emt 0:02:35]} Qf5 {[%emt 0:04:54]} 33. Qg4 {[%emt 0:00:37]} Qxg4 {[%emt 0:00:39]} 34. hxg4 {[%emt 0:00:08]} g5 {[%emt 0:00:22]} 35. Nd5 {[%emt 0:03:42]} Kg7 {[%emt 0:02:16]} 36. Re1 {[%emt 0:03:17]} Rxe1+ {[%emt 0:02:26]} 37. Kxe1 {[%emt 0:00:07]} Bxf2+ {[%emt 0:00:56]} 38. Ke2 {[%emt 0:00:19]} Bc5 {[%emt 0:04:16]} 39. Ne3 {[%emt 0:02:39]} Bxe3 {[%emt 0:00:09]} 40. Kxe3 {[%emt 0:00:01]} Bxg2 {[%emt 0:00:26]} 41. Kd4 {[%emt 0:00:31]} Kf6 {[%emt 0:02:03]} 42. b6 {[%emt 0:00:34]} Ke7 {[%emt 0:01:07]} 43. Kc5 {[%emt 0:00:30]} Bb7 {[%emt 0:00:32]} 44. Kb5 {[%emt 0:00:13]} f5 {[%emt 0:00:14]} 45. gxf5 {[%emt 0:01:36]} g4 {[%emt 0:00:01]} 0-1

[Event "VII Lorca Open 2018"]
[Site "Lorca"]
[Date "2018.12.29"]
[Round "6"]
[White "Serarols Mabras, Bernat"]
[Black "Silva Lucena, Cristian"]
[Result "1-0"]
[WhiteElo "2371"]
[BlackElo "2197"]
[Annotator "NA"]
[PlyCount "57"]
[EventDate "2018.12.26"]
[EventType "swiss"]
[EventCountry "ESP"]
[SourceTitle "playchess.com"]
[Source "ChessBase"]
[SourceQuality "1"]
[TimeControl "5400+30"]

1. d4 {[%emt 0:00:00]} d5 {[%emt 0:00:00]} 2. c4 {[%emt 0:00:07]} e6 {[%emt 0:00:00]} 3. Nf3 {[%emt 0:00:13]} Nf6 {[%emt 0:00:03]} 4. g3 {[%emt 0:00:14]} dxc4 {[%emt 0:00:18]} 5. Bg2 {[%emt 0:00:27]} a6 {[%emt 0:00:52]} 6. O-O {[%emt 0:02:13]} Nc6 {[%emt 0:01:01]} 7. e3 {[%emt 0:04:00]} Bd7 {[%emt 0:04:14]} 8. Qe2 {[%emt 0:00:30]} Bd6 {[%emt 0:00:30]} 9. Qxc4 {[%emt 0:00:30]} O-O {[%emt 0:00:30]} 10. Nbd2 {[%emt 0:00:30]} Qe7 {[%emt 0:00:30]} 11. Rd1 {[%emt 0:14:14]} Rab8 {[%emt 0:27:11]} 12. Qb3 {[%emt 0:11:12]} b5 {[%emt 0:01:54]} 13. Ng5 {[%emt 0:17:03]} e5 {[%emt 0:04:03]} 14. d5 {[%emt 0:05:58]} Na7 {[%emt 0:07:24]} 15. Nge4 {[%emt 0:01:40]} Nxe4 {[%emt 0:03:41]} 16. Nxe4 {[%emt 0:00:17]} a5 {[%emt 0:00:59]} 17. Nxd6 {[%emt 0:01:04]} cxd6 {[%emt 0:00:39]} 18. Qa3 {[%emt 0:04:12]} a4 {[%emt 0:12:43]} 19. Bd2 {[%emt 0:01:15]} f5 {[%emt 0:01:52]} 20. Bb4 {[%emt 0:05:16]} Rf6 {[%emt 0:00:28]} 21. Rac1 {[%emt 0:01:12]} Nc8 {[%emt 0:04:05]} 22. Qc3 {[%emt 0:04:26]} Rb7 {[%emt 0:01:37]} 23. b3 {[%emt 0:00:34]} g5 {[%emt 0:01:15]} 24. bxa4 {[%emt 0:00:43]} bxa4 {[%emt 0:00:42]} 25. Ba3 {[%emt 0:05:49]} f4 {[%emt 0:02:50]} 26. Rb1 {[%emt 0:03:03]} Rxb1 {[%emt 0:03:29]} 27. Rxb1 {[%emt 0:00:05]} f3 {[%emt 0:00:25]} 28. Bf1 {[%emt 0:00:20]} Qg7 {[%emt 0:02:57]} 29. Rb7 {[%emt 0:06:36]} 1-0

[Event "VII Lorca Open 2018"]
[Site "Lorca"]
[Date "2018.12.29"]
[Round "6"]
[White "Luch, Michal"]
[Black "Gines Esteo, Pedro Antonio"]
[Result "1/2-1/2"]
[WhiteElo "2360"]
[BlackElo "2339"]
[Annotator "NA"]
[PlyCount "110"]
[EventDate "2018.12.26"]
[EventType "swiss"]
[EventCountry "ESP"]
[SourceTitle "playchess.com"]
[Source "ChessBase"]
[SourceQuality "1"]
[TimeControl "5400+30"]

1. d4 {[%emt 0:00:00]} f5 {[%emt 0:03:44]} 2. c4 {[%emt 0:00:00]} Nf6 {[%emt 0:00:09]} 3. Nc3 {[%emt 0:00:00]} g6 {[%emt 0:00:29]} 4. h4 {[%emt 0:00:01]} c5 {[%emt 0:21:26]} 5. d5 {[%emt 0:02:16]} e5 {[%emt 0:01:04]} 6. dxe6 {[%emt 0:08:58]} d6 {[%emt 0:10:28]} 7. Bf4 {[%emt 0:15:19]} Bxe6 {[%emt 0:01:41]} 8. Qd3 {[%emt 0:00:42]} Nc6 {[%emt 0:05:58]} 9. O-O-O {[%emt 0:03:08]} Ne5 {[%emt 0:06:18]} 10. Bxe5 {[%emt 0:05:47]} dxe5 {[%emt 0:04:33]} 11. Qg3 {[%emt 0:02:21]} Qb8 {[%emt 0:01:05]} 12. e3 {[%emt 0:13:28]} Bh6 {[%emt 0:05:45]} 13. Nh3 {[%emt 0:00:19]} e4 {[%emt 0:12:50]} 14. Qxb8+ {[%emt 0:00:27]} Rxb8 {[%emt 0:00:01]} 15. Be2 {[%emt 0:02:07]} Ke7 $11 {[%emt 0:00:45]} 16. Ng5 {[%emt 0:05:10]} Rhd8 {[%emt 0:05:03]} 17. Nxe6 {[%emt 0:04:58]} Kxe6 {[%emt 0:01:06]} 18. g3 {[%emt 0:02:24]} a6 {[%emt 0:02:54]} 19. Na4 {[%emt 0:01:20]} Rxd1+ {[%emt 0:02:07]} 20. Rxd1 {[%emt 0:01:31]} b6 {[%emt 0:00:46]} 21. Nc3 {[%emt 0:01:19]} Bg7 {[%emt 0:04:44]} 22. a3 {[%emt 0:03:31]} h6 {[%emt 0:03:54]} 23. Nd5 {[%emt 0:04:54]} Nxd5 {[%emt 0:03:27]} 24. Rxd5 {[%emt 0:05:05]} Be5 {[%emt 0:00:21]} 25. Rd1 {[%emt 0:01:07]} Rh8 {[%emt 0:01:14]} 26. Kc2 {[%emt 0:01:30]} Rh7 {[%emt 0:00:35]} 27. b3 {[%emt 0:02:35]} Rh8 {[%emt 0:00:08]} 28. a4 {[%emt 0:01:27]} Rf8 {[%emt 0:00:24]} 29. Rh1 {[%emt 0:00:56]} Rd8 {[%emt 0:00:15]} 30. Rg1 {[%emt 0:02:59]} Rf8 {[%emt 0:00:50]} 31. Rh1 {[%emt 0:00:31]} Ke7 {[%emt 0:00:16]} 32. Rh2 {[%emt 0:01:10]} Rf7 {[%emt 0:00:35]} 33. Rh1 {[%emt 0:00:17]} Rf6 {[%emt 0:00:22]} 34. Rh2 {[%emt 0:01:15]} a5 {[%emt 0:00:36]} 35. Rh1 {[%emt 0:00:07]} Rf7 {[%emt 0:00:37]} 36. Rh2 {[%emt 0:00:29]} Rg7 {[%emt 0:00:22]} 37. Rh1 {[%emt 0:00:03]} Bd6 {[%emt 0:00:15]} 38. Bd1 {[%emt 0:00:20]} Kf6 {[%emt 0:01:05]} 39. Kd2 {[%emt 0:00:46]} Be5 {[%emt 0:00:38]} 40. Ke2 {[%emt 0:00:15]} Bc3 {[%emt 0:00:36]} 41. Bc2 {[%emt 0:00:01]} Rd7 {[%emt 0:00:31]} 42. Rd1 {[%emt 0:00:03]} Rxd1 {[%emt 0:00:20]} 43. Kxd1 {[%emt 0:00:22]} Ke5 {[%emt 0:00:33]} 44. Ke2 {[%emt 0:00:20]} Bb4 {[%emt 0:00:16]} 45. Bb1 {[%emt 0:00:52]} g5 {[%emt 0:00:37]} 46. hxg5 {[%emt 0:00:03]} hxg5 {[%emt 0:00:05]} 47. Bc2 {[%emt 0:00:09]} f4 {[%emt 0:00:32]} 48. gxf4+ {[%emt 0:00:06]} gxf4 {[%emt 0:00:04]} 49. Bb1 {[%emt 0:00:19]} Bc3 {[%emt 0:00:48]} 50. Bc2 {[%emt 0:00:09]} Bb2 {[%emt 0:00:37]} 51. Bb1 {[%emt 0:00:05]} Bc3 {[%emt 0:00:51]} 52. Bc2 {[%emt 0:00:04]} f3+ {[%emt 0:00:10]} 53. Kf1 {[%emt 0:00:05]} Bd2 {[%emt 0:00:39]} 54. Bb1 {[%emt 0:00:04]} Kf5 {[%emt 0:00:42]} 55. Bc2 {[%emt 0:00:05]} Ke5 {[%emt 0:01:19]} 1/2-1/2